Aktuelle Probleme der Wissenschaftsgeschichte

Enregistré dans:
Détails bibliographiques
Auteur principal: Mocek, Reinhard
Format: Livre
Langue:allemand
Publié: Halle Martin-Luther-Universität 1979
Tags: Ajouter un tag
Pas de tags, Soyez le premier à ajouter un tag!

MARC

LEADER 00000nam a2200000 4500
001 0222742
005 20240822101701.7
041 0 |a ger 
044 |a DE 
245 1 0 |a Aktuelle Probleme der Wissenschaftsgeschichte  |c Reinhard Mocek 
264 1 |a Halle  |b Martin-Luther-Universität  |c 1979 
300 |a 22 s. 
100 1 |a Mocek, Reinhard